SPSS a simple guide and reference
Αποθηκεύτηκε σε:
| Κύριος συγγραφέας: | |
|---|---|
| Άλλοι συγγραφείς: | |
| Μορφή: | Βιβλίο |
| Γλώσσα: | English |
| Δημοσίευση: |
Belmont, Calif. :
Wadsworth Publishing Company,
c1995.
|
| Θέματα: | |
| Ετικέτες: |
Προσθήκη ετικέτας
Δεν υπάρχουν, Καταχωρήστε ετικέτα πρώτοι!
|
MARC
| LEADER | 00000cam a2200000 i 4500 | ||
|---|---|---|---|
| 001 | 1/159 | ||
| 008 | 000403s1995 cau| ||| |||| ||eng|| | ||
| 020 | |a 0534220681 | ||
| 035 | |l 10059559 | ||
| 040 | |a GR-MyUa |b gre |e AACR2 | ||
| 041 | 0 | |a eng | |
| 082 | 7 | |a 519.502855369 |2 (22) | |
| 100 | 1 | |a George, Darren. | |
| 245 | 1 | 0 | |a SPSS/PC+ step by step : |b a simple guide and reference / |c Darren George, Paul Mallery. |
| 260 | |a Belmont, Calif. : |b Wadsworth Publishing Company, |c c1995. | ||
| 300 | |a 320 σ. : |b εικ. ; |c 24 εκ. + |e 1 δισκέτα Η/Υ (3 1/2 ίν.) | ||
| 630 | 0 | 0 | |a SPSS/PC+ (Computer file) |
| 650 | 0 | |a Social sciences |x Statistical methods |x Computer programs. | |
| 700 | 1 | |a Mallery, Paul, |d 1966- | |
| 852 | |a INST |b LESVOS |e 20000403 |h 519.502855369 GEO |p 005100023228 |q 005100023228 |t BK |y 0 | ||
| 852 | |a INST |b LESVOS |e 20000412 |h 519.502855369 GEO |p 005100023227 |q 005100023227 |t BK |y 0 | ||
| 901 | |a BIBL1-2000-1 | ||
| 922 | |a 1ΕΛΗ |b 200003 |c ΚΠΣ/ΤΓ |d LEADER | ||
| 950 | |a 118-1999-09-20 | ||
| 970 | |a ΤΖΑΦΕΡΗ |b ΕΥΑΓΓΕΛΙΑ |z 2000/04/12 | ||